1186 1075 1140 1032 1490 1972 1102 1764 1084 1902 1515 1965 1323 1531 1805 1307 1487 1300 1237 1301 1237 1777 1710 1236 1226 1220 1616 1979 1088 1693 1424 1884 1383 1537 1516 1348 1110 1094 1665 1614 1468 1633 1019 1022 1120 1001 1715 1455 1068 1719 1830 1338 1190 1760 1763 1747 1208 1314 1992 1336 1051 1657 1222 1865 1104 1875 1649 1875 1646 1696 1008 1639 1822 1446 1289 1926 1120 1107 1694 1633 1555 1733 1722 1043 1241 1776 1181 1467 1367 1817 1695 1997 1324 1158 1076 1817 1299 1835 1156 BCNSPRNW ULIB Ver.6.0+V

เปลี่ยนเป็นภาษาไทย

Change to English
 แสดงรายละเอียดบรรณานุกรม
  กลับหน้าหลัก

Brief Record : Get Marc (ISO 2709) : E-mail record : QR code < ปิดหน้าต่าง
LEADER : 00000nam 2200000uu 4500
001    13399121778
003     ULIB
008    121206s2549||||th 000 0 tha d
050  4 ^aBF^bน179จ
100 0  ^aนพมาศ ธีรเวคิน
245 10 ^aจิตวิทยาสังคมกับชีวิต /^cนพมาศ ธีรเวคิน
250    ^aพิมพ์ครั้งที่ 3
260    ^aมปป^bมปป^c2549
300    ^a115 หน้า ;^c21ซม.
650  4 ^aจิตวิทยาสังคม
945    ^p0^l0^i24247
995    ^aทศพร
999 ^a ทศพร
รายการนี้ยังไม่มีแท็ก
คุณยังไม่ได้ล็อกอิน คุณสามารถมีกิจกรรมร่วมกับเว็บไซต์ได้ แต่ต้องล็อกอินก่อน ::
  ล็อกอิน

รายการสื่อสารสนเทศ

ลำดับที่ ประเภท เลขเรียก/บาร์โค้ด สถานที่ สถานะ
1. วิทยาศาสตร์การแพทย์ และสุขภาพ
วิทยาศาสตร์การแพทย์ และสุขภาพ
BF น179จ  
  Barcode: 24247
ห้องสมุดวิทยาเขตสวรรค์ประชารักษ์
►หนังสือทั่วไป
บนชั้น

รายการใกล้เคียง
    หัวเรื่อง [จิตวิทยาสังคม]

BibComment


ยังไม่เคยถูกคอมเมนท์

คอมเมนท์ทรัพยากรรายการนี้
  คอมเมนท์: จิตวิทยาสังคมกับ..


 Copyright 2026. Bcnsprnw @Library